Statistics for Movie Clowns Picture Quiz

Click here to take the quiz!

General Stats

  • This quiz has been taken 9,666 times
    (8,569 since last reset)
  • The average score is 8 of 16

Answer Stats

Answer% Correct
Joker
97%
Finding Nemo
92%
It
92%
The Simpsons Movie
84%
Batman
81%
The Dark Knight
77%
Toy Story 3
55%
Dumbo
41%
Inside Out
41%
Patch Adams
38%
Poltergeist
26%
Zombieland
25%
Uncle Buck
20%
Octopussy
19%
The Greatest Show On Earth
10%
Big Fish
7%

Score Distribution

Percentile by Number Answered

Percent of People with Each Score

Your Score History

You have not taken this quiz since the last reset